01197nam a2200229 i 450000100060000000300090000600500170001500700030003200800410003508000260007608000190010224500420012126000340016330000560019749000420025350002880029550502210058360000520080465100440085683000420090085200250094286323ES-MaACL20230906175424.0t|041227s2000 sp ||||1| spa d a929 Napoleón (44) I a940"1789/1848"00aNapoleón [hRecurso electrónico]. a[Madrid] : bDolmen, c[2000] a1 disco compacto (CD-ROM) : bson., col. ; c12 cm.1 aLa historia y sus protagonistas ; v9 aRequerimientos del sistema: Procesador Pentium 200 MMX o superior, Memoria RAM 32 Mb o más, Espacio libre en disco duro de 10 Mb o más, Windows 95 o posterior, Tarjeta gráfica 2 Mb, Lector de CD-ROM 16X o superior, Tarjeta de sonido con capacidad de sonido digitalizado y MIDI.8 aContiene: Desde 1789 hasta 1848 -- La Revolución Francesa hasta las revoluciones de 1848 conociendo el Imperio Napoleónico y el periodo 1830-1870 con la Revolución Industrial y los inicios del Movimiento Obrero04aNapoleón bI cEmperador de Francia-vCD-ROM. 4aEuropa-xHistoria-y1789-1848-vCD-ROM.0 aLa historia y sus protagonistas ; v9 aES-MaACLjROT 1/4/15